| Поле | Инд. | ПП | Название | Значение |
|---|---|---|---|---|
| Тип записи | a | |||
| Библиографический уровень | b | |||
| 001 | Контрольный номер | f102b999fc8d4523845744633d0f867c | ||
| 005 | Дата корректировки | 20260527123653.8 | ||
| 024 | 80 | a | Стандартный номер | 10.3367/ufne.2026.01.040085 |
| 040 | a | Служба первич. каталог. | РИНЦ | |
| b | Код языка каталог. | rus | ||
| 041 | 0_ | a | Код языка текста | eng |
| 097 | a | Василенко М.А. | ||
| 100 | 1_ | a | Автор | Butenko A. V. |
| 100 | 1_ | a | Автор | Kazakov D. I. |
| 100 | 1_ | a | Автор | Kekelidze V. D. |
| 100 | 1_ | a | Автор | Oganessian Yu. Ts. |
| c | Титул (звания) | профессор (ученое звание); доктор физико-математических наук; заведующий кафедрой; | ||
| i | 000091251 | |||
| g | Прочие сведения | РИНЦ AuthorID: 21136 (http://elibrary.ru/author_profile.asp?id= 21136); Scopus Author ID: 35401658500 (https://www.scopus.com/authid/detail.uri?authorId=35401658500) | ||
| k | Кафедра ядерной физики; Инженерно-физический институт | |||
| q | Полное имя | Оганесян Юрий Цолакович | ||
| u | Дополнение | Оганесян Ю. Ц.; Oganessian Yu Ts | ||
| 100 | 1_ | a | Автор | Syresin E. M. |
| c | Титул (звания) | профессор (ученое звание); доктор физико-математических наук; профессор (должность); | ||
| i | 100093139 | |||
| g | Прочие сведения | РИНЦ AuthorID: 34889 (http://elibrary.ru/author_profile.asp?id= 34889); Scopus Author ID: 7003961220 (https://www.scopus.com/authid/detail.uri?authorId=7003961220) | ||
| k | Кафедра фундаментальных проблем физики микромира; Инженерно-физический институт | |||
| q | Полное имя | Сыресин Евгений Михайлович | ||
| u | Дополнение | Сыресин Е. М.; Syresin Evgeny M. | ||
| 245 | 10 | a | Заглавие | Igor' Nikolaevich Meshkov (on His 90th Birthday) |
| 773 | 18 | t | Название источника | Physics-Uspekhi |
| b | Сведения об издании | Turpion Limited | ||
| c | United Kingdom | |||
| d | Место и дата издания | 2026 | ||
| m | Специф. данные | входит в Белый список; входит в Scopus; входит в WoS; входит в ядро РИНЦ; ненулевой импакт-фактор | ||
| n | Примечание | Успехи физических наук | ||
| p | Phys. Usp. | |||
| q | У1 Белый список | |||
| o | Прочие индексы | scopus 0.81 | ||
| x | ISSN | 1063-7869 | ||
| g | Прочая информация | Т. 69. - № 01. - С. 99 - 101 | ||
| w | Контрольный № источника | 271c1318afe54c3bba74688ba6b251f5 | ||
| 856 | 40 | u | URL | https://elibrary.ru/item.asp?id=90088448 |
| 901 | t | Тип документа | b | |
| 952 | c | Вид литературы | статья в журнале |